[Event "2nd Summer Festival Belgrade GM 2019"]
[Site "Belgrade"]
[Date "2019.06.29"]
[Round "8.5"]
[White "Liu, Zhaoqi"]
[Black "Lee, Jun Hyeok"]
[Result "0-1"]
[WhiteElo "2386"]
[BlackElo "2386"]
[Annotator "TA"]
[PlyCount "76"]
[EventDate "2019.06.25"]
[EventType "tourn"]
[EventCountry "SRB"]
[SourceTitle "playchess.com"]
[Source "ChessBase"]
[SourceQuality "1"]

{[%evp 16,160,6,5,27,33,28,10,37,0,0,0,11,-16,-16,-16,-26,-22,-21,-18,-18,-18,-18,-18,-11,-12,-17,-43,-43,-43,-43,-56,-43,-53,-59,-84,-81,-80,-81,-84,-85,-92,-92,-106,-31,-32,-35,-34,0,-64,-61,-52,-42,-70,0,-59,-100,-110,-72,-105,-75,-69,-60,-62,-42,-36,-37,-39,-17,-47,-46,-50,-50,-98,-98,-98,-98,-98,-23,-53,-53,-53,-53,-98,-98,-98,-98,-98,-71,-69,-23,-23,-8,-23,-23,-23,-23,-177,-177,-177,-177,-177,-177,-177,-177,-177,-177,-177,-177,-177,-177,-168,-9,-14,0,0,0,0,0,0,0,0,0,-8,0,-177,-177,-4917,-1220,-29960,-29961,-29955,-29957,-29955,-29953,-11311,-5065,-29960,-29961,-29969,-29969,-29961,-29957,-29974,-29976,-29986,-29987]} 1. c4 g6 2. Nc3 Bg7 3. g3 e6 4. Bg2 Ne7 5. e4 c5 6. Nge2 Nbc6 7. d3 O-O 8. O-O a6 9. Rb1 b5 {A36: Symmetrical English vs ...g6: 4 Bg2 Bg7} 10. cxb5 axb5 11. Nxb5 Qa5 $146 {The position is equal.} ({Predecessor:} 11... Ba6 12. a4 Rb8 13. Nec3 d5 14. exd5 exd5 15. Bf4 Rb7 16. Bd6 d4 17. Ne4 Bxb5 18. axb5 Rxb5 19. Bxc5 Qb8 20. b4 Rd8 21. Qb3 Nd5 22. Nd6 {1-0 (22) Romanov,E (2623)-Bercys,S (2429) Philadelphia 2012}) 12. Nbc3 Ba6 13. a3 Rfb8 14. Bf4 Ne5 15. b4 cxb4 16. axb4 Rxb4 17. Ra1 Qd8 18. d4 N5c6 {[%cal Rc6d4]} 19. Bd6 Rxd4 20. Nxd4 Bxf1 21. Rxa8 Qxa8 22. Bxf1 {Threatens to win with Ndb5.} Bxd4 23. Nb5 Qa1 24. Qd3 Bb6 25. Bc7 Bxc7 26. Nxc7 Nd4 27. Ne8 Nec6 28. Qe3 Kf8 29. Nd6 Ke7 ({Better is} 29... Qd1 $17 30. Qa3 Nf3+ 31. Kg2 Ne1+ 32. Kg1 h5) 30. Nc8+ $15 Kd8 31. Nd6 f6 32. Kg2 (32. Qh6 $1 $11) 32... g5 33. h4 gxh4 (33... Nc2 $5 {[%cal Rc2e3]} 34. Qc5 Ne1+ 35. Kg1 Ke7 $17) 34. gxh4 Nc2 (34... Qd1 $15) 35. Qb6+ (35. Qh6 $11 {remains equal.}) 35... Ke7 $17 36. Qc5 {Hoping for Nb5+.} Ne1+ 37. Kh3 {[#]} Qe5 $1 38. Nf5+ {[%mdl 64] Discovered Attack (Double check)} Kd8 {Played: Ke7-f7} 0-1

[Event "2nd Summer Festival Belgrade GM 2019"]
[Site "Belgrade"]
[Date "2019.06.29"]
[Round "8.6"]
[White "Batsuren, Dambasuren"]
[Black "Abramovic, Bosko"]
[Result "1/2-1/2"]
[WhiteElo "2439"]
[BlackElo "2353"]
[Annotator "TA"]
[PlyCount "120"]
[EventDate "2019.06.25"]
[EventType "tourn"]
[EventCountry "SRB"]
[SourceTitle "playchess.com"]
[Source "ChessBase"]
[SourceQuality "1"]

{[%evp 18,120,14,0,4,10,76,77,71,24,25,16,37,13,34,19,23,28,31,-2,46,41,51,45,45,41,50,39,78,81,69,77,114,125,120,132,126,128,123,101,120,111,101,101,87,56,95,19,29,15,17,17,17,19,14,15,14,14,14,13,12,15,155,165,216,158,175,183,180,104,110,96,120,77,69,81,83,104,104,66,68,47,104,108,210,70,86,70,69,48,48,37,32,8,8,8,8,8,8,0,0,0,0,0,0]} 1. d4 Nf6 2. Nf3 e6 3. g3 b6 4. Bg2 Bb7 5. c4 Be7 6. O-O O-O 7. Re1 d5 8. cxd5 exd5 9. Nc3 Na6 10. Ne5 c5 {E17: Queen's Indian: 4 g3 Bb7 5 Bg2 Be7} 11. dxc5 (11. Be3 Nc7 12. Qa4 Qe8 13. Red1 Qxa4 14. Nxa4 cxd4 15. Bxd4 Ne6 16. Be3 Rfd8 17. Rac1 Rab8 18. Nf3 {1-0 (43) Wang,H (2717)-Tomashevsky,E (2728) Huaian 2016}) 11... bxc5 (11... Nxc5 $11 12. Be3 Ne6) 12. Bf4 $1 $16 Nc7 {White is better.} 13. Qa4 (13. Nc4 $5) 13... Ne6 14. Rad1 Nxf4 15. Qxf4 $146 ({Predecessor:} 15. gxf4 Qb6 16. Nd7 Nxd7 17. Qxd7 Bf6 18. Na4 Qb4 19. Nxc5 Qxc5 20. Qxb7 {1-0 (78) Raznikov,D (2384)-Koren,E (1962) Tel Aviv 2011}) 15... Rb8 16. Nc4 d4 17. Bxb7 Rxb7 18. e3 {[%cal Re3d4]} Rd7 (18... Rb4 $5 {[%cal Rb4c4]} 19. Ne5 Bd6 20. exd4 cxd4 $11) 19. exd4 Rxd4 20. Qf3 $36 {[%mdl 2048] White fights for an advantage.} Re8 21. Nb5 Rxd1 22. Rxd1 Qa8 23. Qxa8 Rxa8 24. Rd3 a5 25. a4 Kf8 26. Kf1 h5 27. h4 g6 28. f3 Kg7 29. Ke2 Kf8 30. Kd2 Ne8 31. Rd7 Ng7 32. Ke3 ({Better is} 32. Nbd6 $16) 32... Nf5+ $11 33. Kf4 Rd8 34. Ra7 Nd4 {...Nxb5 is the strong threat.} 35. Ke3 Nf5+ $1 36. Kf2 Bf6 37. Rxa5 Bxb2 38. g4 hxg4 39. fxg4 Nh6 (39... Bd4+ $1 $11 40. Nxd4 Rxd4) 40. Kf3 $1 $16 ({Don't do} 40. Nxb2 Rd2+ 41. Kf3 Rxb2 $16) 40... Rd3+ (40... Ba1 $142 41. Nbd6 Bd4) 41. Ke4 $18 Rb3 42. g5 Nf5 43. Kd5 (43. Ra8+ $18 Kg7 44. Ra7) 43... Bd4 $16 {[#]} 44. Ra8+ $1 Kg7 45. Ra7 Bf2 46. Ne5 Bxh4 47. Nxf7 Rd3+ 48. Kc4 Rd1 $1 49. a5 {[%cal Ba4a5,Ba5a6][%mdl 32]} Rc1+ (49... Kf8 $1 $14) 50. Kd5 {And now Nh6+ would win.} c4 {[#]} (50... Kf8 $16 {keeps fighting.}) 51. Nfd6+ (51. a6 $1 $18) 51... Kf8 $14 52. Nxf5 gxf5 $16 {[%mdl 4096] Endgame KRB-KRN} 53. a6 {Hoping for Ra8+.} Ra1 $1 54. g6 Kg8 55. Kxc4 Bf2 {The position is equal.} 56. Ra8+ Kg7 57. a7 Bxa7 58. Nxa7 f4 {Strongly threatening ...f3.} 59. Kd3 Ra3+ 60. Ke2 Kxg6 {Accuracy: White = 55%, Black = 58%.} 1/2-1/2

[Event "2nd Summer Festival Belgrade GM 2019"]
[Site "Belgrade"]
[Date "2019.06.29"]
[Round "9.1"]
[White "Abramovic, Bosko"]
[Black "Yu, Jennifer"]
[Result "0-1"]
[WhiteElo "2353"]
[BlackElo "2369"]
[Annotator "ChessBase"]
[PlyCount "98"]
[EventDate "2019.06.25"]
[EventType "tourn"]
[EventCountry "SRB"]
[SourceTitle "playchess.com"]
[Source "ChessBase"]
[SourceQuality "1"]
[TimeControl "5400+30"]

1. Nf3 {[%emt 0:00:31]} Nf6 {[%emt 0:00:36]} 2. g3 {[%emt 0:00:42]} g6 {[%emt 0:00:36]} 3. Bg2 {[%emt 0:00:13]} Bg7 {[%emt 0:00:07]} 4. O-O {[%emt 0:00:23]} c5 {[%emt 0:01:32]} 5. c4 {[%emt 0:01:15]} O-O {[%emt 0:01:52]} 6. d4 {[%emt 0:00:19]} cxd4 {[%emt 0:00:58]} 7. Nxd4 {[%emt 0:00:08]} Nc6 {[%emt 0:00:16]} 8. Nc3 {[%emt 0:00:24]} Nxd4 {[%emt 0:01:57]} 9. Qxd4 {[%emt 0:00:07]} d6 {[%emt 0:00:04]} 10. Qd3 {[%emt 0:02:35]} Nd7 {[%emt 0:02:10]} 11. b3 {[%emt 0:00:43]} Nc5 {[%emt 0:04:32]} 12. Qd2 {[%emt 0:00:23]} a5 {[%emt 0:08:42]} 13. Bb2 {[%emt 0:01:41]} a4 {[%emt 0:04:24]} 14. Nd5 {[%emt 0:05:22]} e6 {[%emt 0:05:27]} 15. Bxg7 {[%emt 0:06:08]} Kxg7 {[%emt 0:00:14]} 16. Qc3+ {[%emt 0:08:23]} f6 {[%emt 0:00:15]} 17. b4 {[%emt 0:03:27]} exd5 {[%emt 0:09:22]} 18. bxc5 {[%emt 0:00:07]} dxc5 {[%emt 0:00:10]} 19. Bxd5 {[%emt 0:00:37]} Qe7 {[%emt 0:04:47]} 20. e4 {[%emt 0:03:54]} h5 {[%emt 0:05:47]} 21. h4 {[%emt 0:01:33]} Rb8 {[%emt 0:09:30]} 22. Rab1 {[%emt 0:01:15]} b6 {[%emt 0:00:24]} 23. f4 {[%emt 0:00:34]} Be6 {[%emt 0:06:24]} 24. Rfe1 {[%emt 0:00:52]} Rfd8 {[%emt 0:07:58]} 25. f5 {[%emt 0:03:13]} Bf7 {[%emt 0:03:17]} 26. fxg6 {[%emt 0:07:20]} Bxg6 {[%emt 0:01:40]} 27. Rb2 {[%emt 0:03:09]} Qe5 {[%emt 0:02:34]} 28. Qxe5 {[%emt 0:01:00]} fxe5 {[%emt 0:00:11]} 29. Kf2 {[%emt 0:09:40]} Rd6 {[%emt 0:00:25]} 30. Ke3 {[%emt 0:00:06]} Rf8 {[%emt 0:01:37]} 31. Rf2 {[%emt 0:00:07]} Rxf2 {[%emt 0:01:36]} 32. Kxf2 {[%emt 0:00:05]} Be8 {[%emt 0:00:02]} 33. Re3 {[%emt 0:04:05]} Rf6+ {[%emt 0:03:39]} 34. Rf3 {[%emt 0:00:12]} a3 {[%emt 0:01:18]} 35. Rxf6 {[%emt 0:16:38]} Kxf6 {[%emt 0:00:07]} 36. Ke3 {[%emt 0:00:22]} Ba4 {[%emt 0:00:05]} 37. Bb7 {[%emt 0:00:19]} Bb3 {[%emt 0:01:53]} 38. Ba6 {[%emt 0:00:07]} Bxa2 {[%emt 0:00:07]} 39. Kd2 {[%emt 0:00:18]} Bb1 {[%emt 0:00:03]} 40. Kc3 {[%emt 0:00:16]} Bxe4 {[%emt 0:07:01]} 41. Kb3 {[%emt 0:00:19]} Bd3 {[%emt 0:02:55]} 42. Kxa3 {[%emt 0:06:28]} Kf5 {[%emt 0:00:03]} 43. Bc8+ {[%emt 0:05:00]} Ke4 {[%emt 0:00:02]} 44. g4 {[%emt 0:00:32]} hxg4 {[%emt 0:00:03]} 45. Bxg4 {[%emt 0:00:06]} Kf4 {[%emt 0:00:18]} 46. Be6 {[%emt 0:00:55]} e4 {[%emt 0:00:29]} 47. Kb3 {[%emt 0:00:04]} e3 {[%emt 0:00:02]} 48. Kc3 {[%emt 0:00:07]} e2 {[%emt 0:00:01]} 49. Kd2 {[%emt 0:00:27]} Kg3 {[%emt 0:00:03]} 0-1

[Event "2nd Summer Festival Belgrade GM 2019"]
[Site "Belgrade"]
[Date "2019.06.29"]
[Round "9.2"]
[White "Lee, Jun Hyeok"]
[Black "Batsuren, Dambasuren"]
[Result "1-0"]
[WhiteElo "2386"]
[BlackElo "2439"]
[Annotator "TA"]
[PlyCount "65"]
[EventDate "2019.06.25"]
[EventType "tourn"]
[EventCountry "SRB"]
[SourceTitle "playchess.com"]
[Source "ChessBase"]
[SourceQuality "1"]

{[%evp 13,71,57,56,22,22,27,10,0,49,20,12,25,48,66,82,81,128,147,148,140,331,358,337,351,358,345,356,346,370,350,423,416,549,377,416,412,397,399,364,368,475,464,439,445,866,860,1251,1312,1304,1287,1275,1275,1064,860,1637,1581,29984,29985,29984,29984]} 1. e4 e5 2. Nf3 Nc6 3. Bc4 Bc5 4. O-O Nf6 5. d3 O-O 6. c3 d5 7. exd5 Nxd5 8. a4 {C54: Giuoco Piano: 4 c3 Nf6, main lines with 5 d4 and 5 d3} a6 9. Nbd2 Nb6 10. Ba2 {The position is equal.} a5 11. Re1 $146 ({Predecessor:} 11. d4 exd4 12. Nb3 Bd6 13. Nbxd4 Nxd4 14. Qxd4 {½-½ (37) Kryvoruchko,Y (2701)-Almasi,Z (2702) Hungary 2016}) 11... Qxd3 12. Bb1 Qd6 13. Ng5 {[%mdl 1024] White has compensation.} h6 14. Qh5 $1 Qe7 15. Nde4 Bf5 {[#]} 16. Ba2 $1 $40 {[%mdl 128] And now Nxf7 would win. Black is in trouble.} Nd8 $2 (16... Kh8 $16) 17. Nxf7 $1 $18 {[%mdl 64] Discovered Attack} Nxf7 18. Qxf5 Kh8 {Threatening ...Nd6.} 19. Nxc5 Qxc5 20. Be3 (20. Bxf7 Qe7 $16) 20... Qd6 21. Rad1 (21. Bxf7 Qe7 $16) 21... Ng5 22. Qc2 ({Weaker is} 22. Rxd6 Rxf5 23. Rdd1 Nxa4 $16) 22... Qc6 23. Bb1 {Strongly threatening Bxg5.} Qxa4 {[#]} 24. b3 $1 {White wants to mate with Bxg5.} Qh4 25. Bxg5 {[%mdl 64] Discovered Attack} hxg5 26. Rxe5 Rae8 27. g3 Qh6 {[#]} 28. Rxg5 $1 {[%mdl 512]} Re7 (28... Kg8 $142) (28... Qxg5 29. Qh7#) 29. g4 Re2 30. Rf5 {[%cal Rf5f8]} Rxc2 31. Rxf8+ Kh7 32. Bxc2+ g6 33. Rf7+ {Played: Rf8-f6} 1-0

[Event "2nd Summer Festival Belgrade GM 2019"]
[Site "Belgrade"]
[Date "2019.06.29"]
[Round "9.3"]
[White "Salimova, Nurgyul"]
[Black "Liu, Zhaoqi"]
[Result "0-1"]
[WhiteElo "2416"]
[BlackElo "2386"]
[Annotator "RC"]
[PlyCount "102"]
[EventDate "2019.06.25"]
[EventType "tourn"]
[EventCountry "SRB"]
[SourceTitle "playchess.com"]
[Source "ChessBase"]
[SourceQuality "1"]
[TimeControl "5400+30"]

1. e4 {[%emt 0:00:00]} e6 {[%emt 0:00:00]} 2. d4 {[%emt 0:00:00]} d5 {[%emt 0:00:00]} 3. Nc3 {[%emt 0:00:00]} Bb4 {[%emt 0:00:00]} 4. e5 {[%emt 0:00:00]} c5 {[%emt 0:00:00]} 5. a3 {[%emt 0:00:04]} Ba5 {[%emt 0:00:00]} 6. b4 {[%emt 0:00:21]} cxd4 {[%emt 0:00:05]} 7. Nb5 {[%emt 0:00:27]} Bc7 {[%emt 0:00:05]} 8. f4 {[%emt 0:00:27]} Bd7 {[%emt 0:00:09]} 9. Nf3 {[%emt 0:02:36]} Bxb5 {[%emt 0:00:50]} 10. Bxb5+ {[%emt 0:00:07]} Nc6 {[%emt 0:00:03]} 11. O-O {[%emt 0:01:37]} Nge7 {[%emt 0:00:39]} 12. Bd3 {[%emt 0:05:27]} a6 {[%emt 0:00:43]} 13. Qe2 {[%emt 0:14:09]} Bb6 {[%emt 0:00:37]} 14. g4 {[%emt 0:06:47]} h5 {[%emt 0:03:04]} 15. h3 {[%emt 0:01:24]} hxg4 {[%emt 0:00:37]} 16. hxg4 {[%emt 0:00:09]} Kd7 {[%emt 0:31:56]} 17. f5 {[%emt 0:08:23]} Qg8 {[%emt 0:07:39]} 18. Kg2 {[%emt 0:20:52]} f6 {[%emt 0:18:00]} 19. Bf4 {[%emt 0:05:42]} exf5 {[%emt 0:00:44]} 20. gxf5 {[%emt 0:04:43]} Re8 {[%emt 0:02:05]} 21. e6+ {[%emt 0:01:55]} Kc8 {[%emt 0:00:06]} 22. b5 {[%emt 0:05:27]} axb5 {[%emt 0:01:01]} 23. Rab1 {[%emt 0:02:26]} g6 {[%emt 0:03:13]} 24. Rxb5 {[%emt 0:04:28]} gxf5+ {[%emt 0:00:07]} 25. Kf2 {[%emt 0:00:33]} Ng6 {[%emt 0:12:56]} 26. Qd2 {[%emt 0:02:27]} Nxf4 {[%emt 0:01:03]} 27. Qxf4 {[%emt 0:00:12]} Bc7 {[%emt 0:01:53]} 28. Qxf5 {[%emt 0:00:29]} Bg3+ {[%emt 0:11:22]} 29. Ke2 {[%emt 0:01:13]} Qxe6+ {[%emt 0:00:47]} 30. Qxe6+ {[%emt 0:00:32]} Rxe6+ {[%emt 0:00:01]} 31. Kd1 {[%emt 0:00:22]} Rd6 {[%emt 0:01:52]} 32. Bf5+ {[%emt 0:01:52]} Kc7 {[%emt 0:00:32]} 33. Rg1 {[%emt 0:00:44]} Rg8 {[%emt 0:00:08]} 34. Rh1 {[%emt 0:00:21]} Rg7 {[%emt 0:00:48]} 35. Rh8 {[%emt 0:00:28]} b6 {[%emt 0:00:18]} 36. a4 {[%emt 0:01:20]} Be5 {[%emt 0:00:46]} 37. Ne1 {[%emt 0:06:07]} Ne7 {[%emt 0:00:33]} 38. Bh3 {[%emt 0:00:26]} f5 {[%emt 0:00:31]} 39. Re8 {[%emt 0:01:13]} Kd7 {[%emt 0:00:34]} 40. Ra8 {[%emt 0:00:20]} Rg3 {[%emt 0:01:10]} 41. Nd3 {[%emt 0:00:40]} Ke6 {[%emt 0:02:18]} 42. Bf1 {[%emt 0:02:06]} f4 {[%emt 0:00:23]} 43. Rf8 {[%emt 0:01:02]} Ng6 {[%emt 0:00:37]} 44. Re8+ {[%emt 0:00:57]} Kf5 {[%emt 0:00:08]} 45. a5 {[%emt 0:00:44]} bxa5 {[%emt 0:00:04]} 46. Rb7 {[%emt 0:00:03]} Bf6 {[%emt 0:00:51]} 47. Nf2 {[%emt 0:00:35]} f3 {[%emt 0:00:30]} 48. Bd3+ {[%emt 0:00:41]} Kf4 {[%emt 0:00:36]} 49. Rg8 {[%emt 0:00:55]} Ne5 {[%emt 0:00:20]} 50. Rf8 {[%emt 0:00:31]} Ke3 {[%emt 0:00:39]} 51. Ke1 {[%emt 0:00:21]} Nxd3+ {[%emt 0:00:24]} 0-1

[Event "2nd Summer Festival Belgrade GM 2019"]
[Site "Belgrade"]
[Date "2019.06.29"]
[Round "9.4"]
[White "Damjanovic, Vuk"]
[Black "Ernst, Sipke"]
[Result "0-1"]
[WhiteElo "2283"]
[BlackElo "2541"]
[Annotator "TA"]
[PlyCount "98"]
[EventDate "2019.06.25"]
[EventType "tourn"]
[EventCountry "SRB"]
[SourceTitle "playchess.com"]
[Source "ChessBase"]
[SourceQuality "1"]

{[%evp 9,98,0,2,-2,7,-1,9,6,25,32,34,31,57,14,28,25,30,28,40,38,33,-14,-12,-36,-40,-60,-20,-51,-41,-67,-65,-102,-98,-82,0,0,0,0,0,0,0,0,0,-47,-64,-44,0,0,44,0,83,18,97,26,26,24,24,22,27,30,28,0,34,-78,-84,-472,-452,-437,-459,-434,-458,-696,-716,-937,-931,-1011,-903,-5135,-3764,-3589,-2885,-29992,-29993,-29993,-29986,-29988,-29988,-29989,-29990,-29990,-29991]} 1. d4 Nf6 2. Nf3 e6 3. Bg5 h6 4. Bh4 b6 5. Nbd2 (5. e3 Bb7 6. Bd3 Be7 7. Nbd2 d6 8. c3 Nbd7 9. Qe2 a6 10. e4 Nh5 11. Bg3 c5 12. Rd1 Qc7 13. a3 b5 14. O-O Nxg3 15. hxg3 e5 {0-1 (48) Grandelius,N (2643)-Zhigalko,S (2671) Tallinn 2016}) 5... Bb7 6. c3 {A46: 1 d4 Nf6 2 Nf3 e6: Torre, London and Colle Systems} d6 7. h3 Nbd7 8. e3 {The position is equal.} g5 9. Bg3 Bg7 10. Bd3 Qe7 11. Qc2 a6 $146 ({Predecessor:} 11... Nh5 12. Be4 d5 13. Bd3 Nxg3 14. fxg3 {0-1 (30) Bugdayci,M (1588)-Gozubuyukoglu,S (1830) Antalya 2017}) 12. e4 Nh5 13. Bh2 Nf4 14. Bxf4 $1 gxf4 15. O-O-O c5 {Strongly threatening ...cxd4.} 16. d5 b5 17. dxe6 fxe6 18. e5 Nxe5 19. Be4 Bxe4 20. Qxe4 d5 21. Qe2 Nc6 (21... Nxf3 $17 22. Nxf3 O-O-O) 22. Rhe1 $11 Kf7 23. Nh4 h5 24. Ndf3 Rae8 25. g3 Qf6 26. g4 hxg4 27. hxg4 Qd8 (27... Bh6 $5 {[%cal Rf6h4]} 28. Rg1 Rhg8 $15 {[%mdl 64] Remove Defender}) 28. g5 e5 {White should prevent ...e4.} 29. Qd2 (29. Qd3 $5 {[%cal Rd3g6]} e4 30. Qxd5+ Qxd5 31. Rxd5 $14) 29... d4 (29... Ne7 $11 {keeps the balance.}) 30. Qd3 (30. Qc2 $16 {Black must now prevent Qg6+.} Qd6 31. Kb1) 30... Qd7 (30... Qd6 $1 $11 {remains equal.}) 31. cxd4 ({Better is} 31. Qe4 $16) 31... cxd4 32. Qg6+ Kg8 33. Kb1 Ne7 34. Qe4 Qc6 {Black wants to play ...Qxe4+.} 35. Qd3 (35. Rxd4 $5 Qxe4+ 36. Rdxe4 $14) 35... Qd5 36. Re4 (36. Rc1 $14 {stays ahead.}) 36... Nc6 $36 {[%cal Be7c6,Bc6b4,Bb4d3][%mdl 2080] Black is really pushing.} 37. Rde1 $2 {[%mdl 8192] [#]} (37. a3 $17 {is a better chance.}) 37... Qxa2+ $1 $19 {[%mdl 576] Decoy} 38. Kxa2 Nb4+ {[%mdl 64] Double Attack} 39. Kb1 {White wants to mate with Qb3+.} Nxd3 40. R1e2 (40. Rf1 $142 Nc5 41. Ree1) 40... Rc8 41. g6 Bf6 42. Nf5 Rh1+ 43. Ne1 Rc1+ 44. Ka2 Rhxe1 45. f3 Ra1+ {Black mates.} 46. Kb3 Rxe2 {[%csl Gd3][%cal Re2b2]} 47. Nh6+ Kf8 {[%csl Gd3][%cal Re2b2]} 48. Rxe2 Nc1+ {[%mdl 64] [#] Double Attack} 49. Kc2 d3+ {Accuracy: White = 33%, Black = 51%.} 0-1

[Event "2nd Summer Festival Belgrade GM 2019"]
[Site "Belgrade"]
[Date "2019.06.29"]
[Round "9.5"]
[White "Damljanovic, Branko"]
[Black "Chen, Peng"]
[Result "1-0"]
[WhiteElo "2468"]
[BlackElo "2328"]
[Annotator "TA"]
[PlyCount "113"]
[EventDate "2019.06.25"]
[EventType "tourn"]
[EventCountry "SRB"]
[SourceTitle "playchess.com"]
[Source "ChessBase"]
[SourceQuality "1"]

{[%evp 16,113,83,80,88,86,82,81,84,45,84,47,41,46,47,54,47,54,73,76,74,67,63,53,48,56,58,48,64,55,77,77,85,79,83,95,100,99,120,119,138,138,138,112,112,112,112,112,118,98,107,93,110,104,117,117,118,118,261,255,512,483,507,464,640,393,1640,1620,1561,1331,1838,1791,2149,2125,1938,831,1611,1504,1292,1290,1316,1002,1501,1457,1251,1131,917,313,2529,2318,1975,1814,4921,4818,2353,1725,29967,12025,5498,1803]} 1. Nf3 Nf6 2. c4 g6 3. Nc3 Bg7 4. e4 O-O 5. d4 d6 6. Be2 c5 7. O-O Bg4 8. d5 Na6 9. h3 Bxf3 {E91: King's Indian: Classical: 6 Be2, unusual replies including 6...c5 and 6...Bg4} 10. Bxf3 Nd7 (10... Nc7 11. Bg5 e5 12. Be2 h6 13. Be3 Kh7 14. Bd3 Ng8 15. Qe2 Qe7 16. g3 Rae8 17. Rae1 {0-1 (121) Caprio,G (2426)-Nakamura,H (2772) Condino 2014}) 11. Be2 Nc7 {White is better.} 12. Qc2 Rb8 $146 ({Predecessor:} 12... e6 13. Bf4 Ne5 14. Bg3 exd5 15. cxd5 Rb8 16. f4 Nd7 17. e5 dxe5 18. f5 {1-0 (40) Frisk Kockum,A (2346)-Larsson,A (2314) Oerebro 2013}) 13. Bd2 e6 14. Rae1 exd5 15. exd5 f5 16. g3 Nf6 17. Kg2 Qd7 18. f3 Kh8 19. a4 Na6 20. Na2 Rbe8 21. Bd1 Rxe1 22. Rxe1 Re8 23. Rxe8+ Qxe8 24. g4 fxg4 25. hxg4 Kg8 26. b3 Nd7 27. f4 Bd4 28. Qd3 Bg7 29. Qe2 Qxe2+ 30. Bxe2 h6 31. Bd3 Kf7 32. Bb1 Nc7 33. Nc1 b6 34. Ne2 a5 35. Ng1 Na6 36. Nf3 Nab8 {[#]} (36... Nf8 $16 37. g5 hxg5) 37. g5 $1 $18 Nf8 $2 (37... hxg5 {was worth a try.} 38. Nxg5+ Ke7 39. Bxg6 Na6) 38. f5 hxg5 39. Nxg5+ Kf6 40. Ne6 {Black must now prevent Bc3+.} Nxe6 $2 {[#]} (40... Kf7 41. Nxf8 Kxf8 42. fxg6 Nd7) 41. fxe6 {[%mdl 4096] Endgame KBB-KBN} Ke7 42. Bxg6 Bf6 43. Kf3 Na6 44. Kg4 Nc7 45. Bh6 (45. Bf4 $142 Na8 46. Bg3) 45... Na6 46. Kh5 Nc7 47. Bf7 Kd8 48. Kg6 Be7 49. Kg7 Bh4 50. Bg6 Ke7 51. Bh5 $2 (51. Kg8 Nxe6 52. dxe6 Kxe6 53. Bf4) 51... Nxe6+ $2 (51... Ne8+ 52. Kh8 Nf6) 52. dxe6 Kxe6 53. Bf3 Be1 54. Kf8 Ke5 55. Be3 Bh4 56. Ke8 Be1 57. Kd7 {Accuracy: White = 71%, Black = 40%.} 1-0

[Event "2nd Summer Festival Belgrade GM 2019"]
[Site "Belgrade"]
[Date "2019.06.29"]
[Round "9.6"]
[White "Strikovic, Aleksa"]
[Black "Nandhidhaa, P V"]
[Result "1/2-1/2"]
[WhiteElo "2503"]
[BlackElo "2259"]
[Annotator "TA"]
[PlyCount "67"]
[EventDate "2019.06.25"]
[EventType "tourn"]
[EventCountry "SRB"]
[SourceTitle "playchess.com"]
[Source "ChessBase"]
[SourceQuality "1"]

{[%evp 9,67,13,14,15,21,19,19,24,47,35,33,33,33,33,47,31,52,54,50,41,37,37,35,39,35,42,38,25,27,21,66,69,71,81,57,45,52,4,8,6,4,4,11,0,0,0,0,0,0,0,0,0,0,0,0,0,0,0,0,0]} 1. Nf3 d5 2. b3 Bg4 3. Bb2 Nf6 ({Predecessor:} 3... Bxf3 4. exf3 Nd7 5. f4 e6 6. g3 Ngf6 7. Bg2 c6 8. O-O Be7 9. d3 {½-½ (72) Bassel,C (2055)-Kojima,S (2385) Incheon 2013}) 4. g3 Bxf3 5. exf3 e6 6. Bg2 {A06: Réti Opening:1 Nf3 d5} Be7 7. f4 O-O 8. O-O Nbd7 9. d3 c6 10. Nd2 {[%cal Bb1d2,Bd2f3,Bf3e5][%mdl 32]} a5 11. a4 $146 (11. a3 Ne8 12. Nf3 Rc8 {1-0 (66) Nakamura,H (2763)-Vidit,S (2711) chess.com INT 2018}) 11... b5 12. Nf3 bxa4 13. Rxa4 Nb6 14. Ra2 a4 15. Ne5 Qc7 16. c4 {[%cal Rb3a4]} axb3 17. Rxa8 Rxa8 18. Qxb3 Nbd7 19. Rc1 Nc5 20. Qc2 Qb7 21. Bc3 Rb8 22. Bd4 {[#] aiming for cxd5.} Nfd7 23. f5 exf5 {The position is equal.} 24. Nxd7 Nxd7 25. cxd5 cxd5 26. Qc7 Nf8 27. h4 Ne6 28. Qxb7 Rxb7 29. Bxd5 Rd7 30. Rc8+ Bd8 (30... Nf8 $5 31. Bc5 $8 Bxc5 32. Rxc5 g6 $11) 31. Bxe6 $1 Rxd4 32. Bc4 g6 33. Kf1 Kg7 34. f4 {Accuracy: White = 73%, Black = 75%.} 1/2-1/2